000 03640cam a2200469 i 4500
001 16544244
003 OSt
005 20180117085939.0
008 101117s2011 nju b 000 0 eng
010 _a 2010048920
020 _a9780470551172 (pbk. : alk. paper)
035 _a(DNLM)101547736
040 _aDNLM/DLC
_cDLC
_dDLC
_erda
042 _apcc
050 0 0 _aRC451.4.A5
_bF755 2011
060 1 0 _aWT 150
082 0 0 _a618.97/689
_222
100 1 _aFrazer, Deborah W.
_q(Deborah Willets),
_eauthor.
245 1 4 _aThe older adult psychotherapy treatment planner /
_cDeborah W. Frazer, Gregory A. Hinrichsen, Arthur E. Jongsma Jr.
250 _a2nd ed.
260 _aHoboken, N.J. :
_bJohn Wiley & Sons, Inc.,
_cc2011.
300 _axviii, 267 p. ;
_c26 cm.
490 1 _aPracticePlanners series
504 _aIncludes bibliographical references and index.
505 8 _aMachine generated contents note: PracticePlanners® Series Preface -- Acknowledgments -- Introduction -- Sample Treatment Plan -- Activities of Daily Living (ADL/IADL) Deficits -- *Anxiety -- *Caregiver Distress -- Communication Deficits -- Decisional Incapacity -- *Depression -- *Disruptive Behaviors of Dementia -- Driving Deficit -- Elder Abuse and Neglect -- *Falls -- *Grief Unresolved -- *Interpersonal Disputes -- *Life Role Transition -- *Loneliness/Interpersonal Deficits -- *Mania/Hypomania -- Medical/Medication Issues Unresolved -- Memory Impairment -- Nutritional Deficits Unresolved -- *Obsessive-Compulsive Disorder (OCD) -- *Panic/Agoraphobia -- Paranoid Ideation -- *Persistent Pain -- *Phobia -- Residential Issues Unresolved -- Sexually Inappropriate Behavior -- *Sleep Disturbance -- Somatization -- Spiritual Confusion -- *Substance Abuse/Dependence -- *Suicidal Ideation/Behavior -- Appendix A: Bibliotherapy Suggestions -- Appendix B: Professional References for Evidence-based Chapters -- Appendix C: Recommended Assessment Measures for Non-Evidence-based Chapters -- Appendix D: Index of DSM-IV Codes Associated with Presenting Problems -- * Indicates that selected Objective/Interventions are consistent with those found in evidence-based treatments.
520 _a"Like its predecessor, The TheraScribe Older Adult Psychotherapy Treatment Planner, Second Edition provides clinicians all the elements necessary to quickly and easily develop formal treatment plans that satisfy the demands of HMOs, managed care companies, third-party payers, and state and federal agencies. In addition, this new edition has been thoroughly updated to include empirically supported, evidence-based treatment interventions for older adults with mental disorders. Geropsychologists, social workers, counselors, and other mental health professionals will appreciate the clear format of this timesaving resource" --Provided by publisher.
650 0 _aGeriatric psychotherapy.
650 0 _aPsychotherapy for older people.
650 0 _aMental illness
_xTreatment
_xPlanning.
650 1 2 _aGeriatric Psychiatry
_xorganization & administration.
650 1 2 _aPatient Care Planning.
650 2 2 _aAged.
650 2 2 _aMental Disorders
_xtherapy.
650 2 2 _aPsychotherapy
_xmethods.
700 1 _aHinrichsen, Gregory A.,
_d1951-
_eauthor.
700 1 _aJongsma, Arthur E.,
_cJr.,
_d1943-
_eauthor.
830 0 _aPractice planners.
906 _a7
_bcbc
_corignew
_d1
_eecip
_f20
_gy-gencatlg
942 _2ddc
_cBK
999 _c2393
_d2393